000
00183 a2200097 4500
020
_a
9781594378157
041
_a
spa
100
_a
Spinelli, Jerry
245
_a
Stargirl
942
_c
BK
999
_c
12132
_d
12132